The oldest and the newest / (Record no. 4156)

MARC details
000 -LEADER
fixed length control field 01105cam a2200313 i 4500
001 - CONTROL NUMBER
control field 4156
003 - CONTROL NUMBER IDENTIFIER
control field FISKH
005 - DATE AND TIME OF LATEST TRANSACTION
control field 20240624092545.0
008 - FIXED-LENGTH DATA ELEMENTS--GENERAL INFORMATION
fixed length control field 150401s2016 nyuab j b 001 0 eng c
010 ## - LIBRARY OF CONGRESS CONTROL NUMBER
LC control number 2015012579
020 ## - INTERNATIONAL STANDARD BOOK NUMBER
International Standard Book Number 9780531218464 (library binding : alk. paper)
020 ## - INTERNATIONAL STANDARD BOOK NUMBER
International Standard Book Number 9780531217856 (pbk. : alk. paper)
040 ## - CATALOGING SOURCE
Original cataloging agency NJQ/DLC
Language of cataloging eng
Transcribing agency NJQ
Description conventions rda
Modifying agency DLC
050 ## - LIBRARY OF CONGRESS CALL NUMBER
Classification number CC76.M37
082 04 - DEWEY DECIMAL CLASSIFICATION NUMBER
Classification number 902
100 1# - MAIN ENTRY--PERSONAL NAME
Personal name Marsico, Katie,
Dates associated with a name 1980-
245 14 - TITLE STATEMENT
Title The oldest and the newest /
Statement of responsibility, etc. Katie Marsico.
260 ## - PUBLICATION, DISTRIBUTION, ETC.
Place of publication, distribution, etc. New York :
Name of publisher, distributor, etc. Scholastic,
Date of publication, distribution, etc. 2016.
300 ## - PHYSICAL DESCRIPTION
Extent 48 pages :
Other physical details color illustrations, color maps ;
Dimensions 22 cm.
490 1# - SERIES STATEMENT
Series statement A true book
520 ## - SUMMARY, ETC.
Summary, etc. "Learn all about the oldest and newest places on Earth and find out how the world has changed over time."
650 #0 - SUBJECT ADDED ENTRY--TOPICAL TERM
Topical term or geographic name entry element Antiquities
Form subdivision Juvenile literature.
650 #0 - SUBJECT ADDED ENTRY--TOPICAL TERM
Topical term or geographic name entry element Trees
General subdivision Age determination
Form subdivision Juvenile literature.
650 #0 - SUBJECT ADDED ENTRY--TOPICAL TERM
Topical term or geographic name entry element Volcanic eruptions
Form subdivision Juvenile literature.
651 #0 - SUBJECT ADDED ENTRY--GEOGRAPHIC NAME
Geographic name Barnenez Cairn (France)
Form subdivision Juvenile literature.
906 ## - LOCAL DATA ELEMENT F, LDF (RLIN)
a 7
b cbc
c orignew
d 1
e ecip
f 20
g y-gencatlg
942 ## - ADDED ENTRY ELEMENTS (KOHA)
Source of classification or shelving scheme Dewey Decimal Classification
Koha item type Books
Suppress in OPAC No
Holdings
Withdrawn status Lost status Source of classification or shelving scheme Damaged status Not for loan Collection Home library Current library Shelving location Date acquired Total Checkouts Full call number Barcode Date last seen Copy number Price effective from Koha item type
    Dewey Decimal Classification     Non-Fiction Footprints International School Library Network Toul Kork Campus Footprints International School Library Network Toul Kork Campus A TK Campus, 4th Floor, Room B401, Non-Fiction Bookcases(7-8) 06/24/2024   MAR 902 CC76.M37 FISTK05520 06/24/2024 1 06/24/2024 Books
    Dewey Decimal Classification     Non-Fiction Footprints International School Library Network Toul Kork Campus Footprints International School Library Network Toul Kork Campus TTP Secondary Non-Fiction Bookshelves 06/24/2024   MAR 902 CC76.M37 FIS05538 11/29/2024 2 06/24/2024 Books